00221nam a2200097Ia 4500008004100000041000800041082001400049100001300063245001800076260002900094231212s1967 xx 000 0 und d aeng a621.38173 aLee M.A. aTunnel Diodes aNew DelhibTata Mcc1967